Eclipsing Binaries in Dynamically Interacting Close, Multiple Systems

Close, compact, hierarchical, and multiple stellar systems, i.e., multiples having an outer orbital period from months to a few years, comprise a small but continuously growing group of the triple and multiple star zoo. Many of them consist of at least one eclipsing pair of stars and, therefore, exh...

Teljes leírás

Elmentve itt :
Bibliográfiai részletek
Szerző: Borkovits Tamás
Dokumentumtípus: Cikk
Megjelent: 2022
Sorozat:GALAXIES 10 No. 1
Tárgyszavak:
doi:10.3390/galaxies10010009

mtmt:32850766
Online Access:http://publicatio.bibl.u-szeged.hu/39103
LEADER 01674nab a2200217 i 4500
001 publ39103
005 20260310123032.0
008 260310s2022 hu o 000 eng d
022 |a 2075-4434 
024 7 |a 10.3390/galaxies10010009  |2 doi 
024 7 |a 32850766  |2 mtmt 
040 |a SZTE Publicatio Repozitórium  |b hun 
041 |a eng 
100 1 |a Borkovits Tamás 
245 1 0 |a Eclipsing Binaries in Dynamically Interacting Close, Multiple Systems  |h [elektronikus dokumentum] /  |c  Borkovits Tamás 
260 |c 2022 
300 |a 38 
490 0 |a GALAXIES  |v 10 No. 1 
520 3 |a Close, compact, hierarchical, and multiple stellar systems, i.e., multiples having an outer orbital period from months to a few years, comprise a small but continuously growing group of the triple and multiple star zoo. Many of them consist of at least one eclipsing pair of stars and, therefore, exhibit readily observable short-term dynamical interactions among the components. Thus, their dynamical and astrophysical properties can be explored with high precision. In this paper we present an overview of the history of the search for additional components around eclipsing binaries from the first serendipitous discoveries to more systematic recent studies. We describe the different observational detection methods and discuss their connections to the different kinds of astrophysical and dynamical information that can be mined from different datasets. Moreover, the connection amongst the observable phenomena and the long-term dynamics of such systems is also discussed. 
650 4 |a Csillagászat 
856 4 0 |u http://publicatio.bibl.u-szeged.hu/39103/1/galaxies-10-00009.pdf  |z Dokumentum-elérés